000
00296nam a2200121Ia 4500
008
191201s2008 xx 000 0 und d
100
_a
BHATT, Sudhindra
245
0
_a
Security Analysis and Portfolio Management
260
_b
Excel Books
_c
2008
300
_a
682
650
_a
MBA
942
_2
ddc
_c
BK
999
_c
3487
_d
3487